=LDR 00000nam 2200000 4500 =001 INLIS000000000059782 =005 20211201102223 =035 ##$$a 0010-1221000009 =007 ta =008 211201###########################0#ind## =082 ##$$a 618.2 =084 ##$$a 618.2 BEN b =100 #$$a Benson, D. Mihael =245 1#$$a Michael D. Benson /$c Michael D. Benson =260 ##$$a Tangerang :$b Bina Aksara =300 ##$$a 432 hlm : $b illus ; $c 16x23 cm. =990 ##$$a 1200100654